Historia de la decadencia de España desde el advenimiento de Felipe III al trono hasta la muerte de Carlos II / (Record no. 39662)

MARC details
000 -LEADER
campo de control de longitud fija 01429nam a2200277 i 4500
001 - NÚMERO DE CONTROL
campo de control 39662
003 - IDENTIFICADOR DE NÚMERO DE CONTROL
campo de control ES-MaACL
005 - FECHA Y HORA DE LA ÚLTIMA TRANSACCIÓN
campo de control 20250709133634.0
007 - CAMPO FIJO DE DESCRIPCIÓN FÍSICA--INFORMACIÓN GENERAL
campo de control de longitud fija t|
008 - DATOS DE LONGITUD FIJA--INFORMACIÓN GENERAL
campo de control de longitud fija 030303s1910 sp |||| |dspa d
080 ## - NÚMERO DE LA CLASIFICACIÓN DECIMAL UNIVERSAL
Número de la Clasificación Decimal Universal 94(460)"15/16"
100 1# - ENTRADA PRINCIPAL--NOMBRE DE PERSONA
Nombre de persona Cánovas del Castillo, Antonio,
Fechas asociadas al nombre 1828-1897
9 (RLIN) 34600
245 10 - MENCIÓN DEL TÍTULO
Título Historia de la decadencia de España desde el advenimiento de Felipe III al trono hasta la muerte de Carlos II /
Mención de responsabilidad, etc. por el Excmo. Señor D. Antonio Cánovas del Castillo.
250 ## - MENCION DE EDICION
Mención de edición 2ª ed., con prólogo del Excmo. Señor D. Juan Pérez de Guzmán y Gallo.
260 ## - PUBLICACIÓN, DISTRIBUCIÓN, ETC.
Lugar de publicación, distribución, etc. Madrid :
Nombre del editor, distribuidor, etc. Librería Gutenberg de José Ruiz,
Fecha de publicación, distribución, etc. 1910 (
Fabricante Imp. Fortanet)
300 ## - DESCRIPCIÓN FÍSICA
Extensión XLVI, 761 p. :
Otras características físicas 1 retr. autor ;
Dimensiones 23 cm.
505 8# - NOTA DE CONTENIDO CON FORMATO
Nota de contenido con formato Contiene: El retrato de Cánovas por Madrazo, p. III . El primer libro histórico del Excmo. Señor D. Antonio Cánovas del Castillo [prólogo] / Juan Pérez de Guzmán y Gallo
530 ## - NOTA DISPONIBLE DE FORMULARIO FÍSICO ADICIONAL
Nota de formato físico adicional disponible Disponible en formato digital.
599 ## - NOTA A LAS ILUSTRACIONES
NOTA A LAS ILUSTRACIONES Retr. de A. Cánovas del Castillo: "Don Federico de Madrazo pintó". "Kaulak reprodujo"
651 #4 - PUNTO DE ACCESO ADICIONAL DE MATERIA--NOMBRE GEOGRÁFICO
Nombre geográfico España-
Subdivisión general Historia-
Subdivisión cronológica 1516-1700, Casa de Austria
9 (RLIN) 8228
700 1# - ENTRADA AGREGADA--NOMBRE PERSONAL
Nombre de persona Pérez de Guzmán y Gallo, Juan,
Fechas asociadas al nombre 1841-1928
9 (RLIN) 90777
852 ## - LOCALIZACIÓN
Ubicación ES-MaACL
Número de control de estantería F-5409
Ubicación en estantería Depósito 2
Nota libre Revisado enlace: 9 de julio de 2025
856 4# - LOCALIZACIÓN Y ACCESO ELECTRÓNICOS
Identificador Uniforme de Recursos <a href="http://bdh-rd.bne.es/viewer.vm?id=0000057942&page=1 ">http://bdh-rd.bne.es/viewer.vm?id=0000057942&page=1 </a>
Texto de enlace Biblioteca Digital Hispánica
942 ## - ELEMENTOS DE ENTRADA SECUNDARIOS (KOHA)
Fuente del sistema de clasificación o colocación Clasificación decimal universal
Holdings
Estatus retirado Estado de pérdida Estado de daño No para préstamo Colección Biblioteca de origen Biblioteca actual Ubicación en estantería Fecha de adquisición Fuente de adquisición Total de préstamos Signatura topográfica completa Código de barras Visto por última vez Precio de reemplazo Tipo de ítem Koha
        Colección digital Biblioteca del Ateneo de Madrid Biblioteca del Ateneo de Madrid Depósito 2 17/01/2008     F-5409 1041770 23/02/2023 23/02/2023 Libro impreso